| 000 | 00386nam a22001217a 4500 | ||
|---|---|---|---|
| 005 | 20220324125240.0 | ||
| 008 | 201217b ||||| |||| 00| 0 eng d | ||
| 020 | _a9966210792 | ||
| 040 | _cCML | ||
| 245 |
_aLeadership Trilogy on Leadership and Effective Management. _cD'souza A. |
||
| 260 |
_aKenya _bDoughter of St Paul _c1994 |
||
| 942 |
_2ddc _cBK _e1st Edition _h158 _mDSO |
||
| 999 |
_c3734 _d3734 |
||